LEADER 01086nam--2200361---450- 001 990005842520203316 005 20130514133423.0 010 $a978-981-4335-06-5 035 $a000584252 035 $aUSA01000584252 035 $a(ALEPH)000584252USA01 035 $a000584252 100 $a20130514d2011----km-y0itay50------ba 101 $aeng 102 $aSG 105 $a||||||||001yy 200 1 $aASEAN matters$ereflecting on the association of Southeast Asian nations$feditor Lee Yoong Yoong 210 $aHackensack$aLondon$cWorld Scientific$d2011 215 $aXXVI, 325 p.$d23 cm 606 0 $aASEAN$2BNCF 676 $a337.159 702 1$aLEE,$bYoong Yoong 801 0$aIT$bsalbc$gISBD 912 $a990005842520203316 951 $aXXIII.2.D. 604$b76862 G.$cXXIII.2.D.$d00292234 959 $aBK 969 $aGIU 979 $aCHIARA$b90$c20130514$lUSA01$h1059 979 $aCHIARA$b90$c20130514$lUSA01$h1327 979 $aCHIARA$b90$c20130514$lUSA01$h1332 979 $aCHIARA$b90$c20130514$lUSA01$h1334 996 $aASEAN matters!$9257574 997 $aUNISA LEADER 01227nmm a2200301 i 4500 001 991000524199707536 007 cr nn 008mamaa 008 090917s2009 us j eng d 020 $a9780817648619 035 $ab13870154-39ule_inst 040 $aDip.to Matematica$beng 245 00$aAdvances in phase space analysis of partial differential equations$h[e-book] :$bin honor of Ferruccio Colombini's 60th birthday /$cedited by Antonio Bove ... [et al.] 260 $aBoston :$bBirkhäuser,$c2009 300 $bv.: digital 440 0$aProgress in nonlinear differential equations and their applications ;$v78 650 0$aDifferentiable dynamical systems 650 0$aDifferential Equations 650 0$aGlobal analysis (Mathematics) 650 0$aMathematical physics 650 0$aMathematics 700 1 $aBove, Antonio 773 0 $aSpringer eBooks 856 40$uhttp://dx.doi.org/10.1007/978-0-8176-4861-9$zAn electronic book accessible through the World Wide Web 907 $a.b13870154$b03-03-22$c14-01-10 912 $a991000524199707536 996 $aAdvances in phase space analysis of partial differential equations$9230257 997 $aUNISALENTO 998 $ale013$b14-01-10$cm$d@ $e-$feng$gus $h0$i0